000 00539nam a22001937a 4500
003 KOHA_MİRAKIL
005 20251125114102.0
008 251125b tu ||||| |||| 00| 0 tur d
020 _a9786051717289
040 _aTR-AnABB
_btur
_cTR-AnABB
041 _atur
082 _a828.99363
_bPAT 2018
100 1 _aPaton, Alan,
245 1 0 _aAğla sevgili yurdum /
_cAlan Paton
260 _aİstanbul :
_bAlfa Yayınları,
_c2018
300 _a327 sayfa ;
_c20 cm
650 0 4 _aGüney Afrika edebiyatı, roman
942 _2ddc
_cBK
999 _c9623
_d9623
900 _bGizem YORULMAZ